Antarctica/ (Record no. 13966)
[ view plain ]
| 000 -LEADER | |
|---|---|
| fixed length control field | 00729nam a22002057a 4500 |
| 008 - FIXED-LENGTH DATA ELEMENTS--GENERAL INFORMATION | |
| fixed length control field | 100506s2004 enk|||||s|||| 000 0 eng d |
| 020 ## - INTERNATIONAL STANDARD BOOK NUMBER | |
| International Standard Book Number | 1851446672 |
| 082 ## - DEWEY DECIMAL CLASSIFICATION NUMBER | |
| Edition number | 22 |
| Classification number | 919.89 |
| Item number | ANT |
| 110 ## - MAIN ENTRY--CORPORATE NAME | |
| 9 (RLIN) | 13778 |
| Corporate name or jurisdiction name as entry element | Royal Institution of Great Britain |
| 245 ## - TITLE STATEMENT | |
| Title | Antarctica/ |
| Statement of responsibility, etc | Royal Institution of Great Britain.; Leverhulme Trust |
| 260 ## - | |
| -- | London: |
| -- | Royal Institution : Leverhulme Trust :, 2004 |
| -- | 2004 |
| 300 ## - PHYSICAL DESCRIPTION | |
| Extent | 1 CD-ROM : |
| Other physical details | sd., col ; |
| Dimensions | 4 3/4 in. |
| 336 ## - CONTENT TYPE | |
| Source | rdacontent |
| Content type term | text |
| Content type code | txt |
| 337 ## - MEDIA TYPE | |
| Media type term | unmediated |
| Source | rdamedia |
| Media type code | n |
| 338 ## - CARRIER TYPE | |
| Carrier type term | volume |
| Carrier type code | nc |
| Source | rdacarrier |
| 490 ## - SERIES STATEMENT | |
| Series statement | Royal Institute Christmas Lectures 2004 |
| 651 ## - SUBJECT ADDED ENTRY--GEOGRAPHIC NAME | |
| 9 (RLIN) | 13842 |
| Geographic name | Antarctica |
| 710 ## - ADDED ENTRY--CORPORATE NAME | |
| 9 (RLIN) | 13779 |
| Corporate name or jurisdiction name as entry element | Leverhulme Trust |
| 942 ## - ADDED ENTRY ELEMENTS (KOHA) | |
| Source of classification or shelving scheme | Dewey Decimal Classification |
| Koha item type | |
| Classification part | RDA-MOD |
| Withdrawn status | Lost status | Source of classification or shelving scheme | Damaged status | Not for loan | Home library | Current library | Shelving location | Date acquired | Source of acquisition | Total Checkouts | Full call number | Barcode | Date last seen | Price effective from | Koha item type |
|---|---|---|---|---|---|---|---|---|---|---|---|---|---|---|---|
| Dewey Decimal Classification | Central Library | Central Library | Second Floor | 06/05/2010 | 919.89 ANT | 000020810 | 24/08/2022 | 06/05/2010 | CD | DVD - (NB) |